ბათუმის შოთა რუსთაველის სახელმწიფო უნივერსიტეტის ბიბლიოთეკა

ტესტირება წრფივი ელექტრული წრედების თეორიაში,ელექტროტექნიკის თეორიულ საფუძვლებში და ზოგად ელექტროტექნიკაში : (ბიბ.ჩანაწერი № 37596)

000 -ლიდერი
ფიქსირებული სიგრძის საკონტროლო ველი 01620nam a2200301Ia 4500
001 - საკონტროლო ნომერი
საკონტროლო ველი 3568
003 - საკონტროლო ნომრის იდენტიფიკატორი
საკონტროლო ველი GE_BSU
005 - ბოლო ოპერაციის თარიღი და დრო
საკონტროლო ველი 20190528181819.0
008 - ფიქსირებული სიგრძის მონაცემთა ელემენტები - ზოგადი ინფორმაცია
ფიქსირებული სიგრძის საკონტროლო ველი 181216s2008||||ge |||||||||||||| ||geo||
020 ## - წიგნის საერთაშორისო სტანდარტული ნომერი
International Standard Book Number 9789941127199
040 ## - კატალოგიზაციის წყარო
Transcribing agency GE_BSU
041 ## - ენის კოდი
Language code of text/sound track or separate title geo
080 ## - უნივერსალური ათობითი კლასიფიკაციის ინდექსი
Universal Decimal Classification number 537.1(072) ტ-50
245 ## - ცნობა სათაურის შესახებ
Title ტესტირება წრფივი ელექტრული წრედების თეორიაში,ელექტროტექნიკის თეორიულ საფუძვლებში და ზოგად ელექტროტექნიკაში :
Remainder of title მეთოდური მითითებანი(სახელმძღვანელო) /
Statement of responsibility, etc ბ. კუტუბიძე ; ო. ჯანელიძე ; ო. სურმანიძე ; ლ. თურმანიძე ; ე. მსხალაძე ; რედ : მ. დონაძე.
264 ## - წარმოების, გამოცემის, დისტრიბუციის და სხვა ცნობები
გამოცემის, წარმოების, დისტრიბუციის... ადგილი თბილისი :
გამოცემის, წარმოების, დისტრიბუციის... სახელწოდება უნივერსალი,
გამოცემის, წარმოების, დისტრიბუციის... თარიღი 2008.
300 ## - ფიზიკური აღწერა
Extent 108 გვ .:
Other physical details ილ ;
Dimensions 29 სმ.
504 ## - BIBLIOGRAPHY, ETC. NOTE
Bibliography, etc ბიბლიოგრ.:გვ.107
653 ## - INDEX TERM--UNCONTROLLED
Uncontrolled term ელექტროობა
653 ## - INDEX TERM--UNCONTROLLED
Uncontrolled term მაგნეტიზმი
653 ## - INDEX TERM--UNCONTROLLED
Uncontrolled term ელექტრომაგნეტიზმი
700 ## - ADDED ENTRY--PERSONAL NAME
Personal name კუტუბიძე, ბ
9 (RLIN) 1745
700 ## - ADDED ENTRY--PERSONAL NAME
Personal name ჯანელიძე, ო
9 (RLIN) 1746
700 ## - ADDED ENTRY--PERSONAL NAME
Personal name სურმანიძე, ო
9 (RLIN) 1755
700 ## - ADDED ENTRY--PERSONAL NAME
Personal name თურმანიძე, ლ
9 (RLIN) 1756
700 ## - ADDED ENTRY--PERSONAL NAME
Personal name მსხალაძე, ე
9 (RLIN) 1757
700 ## - ADDED ENTRY--PERSONAL NAME
Personal name დონაძე, მ
Relator term რედაქტორი
9 (RLIN) 1758
942 ## - ADDED ENTRY ELEMENTS (KOHA)
Koha item type წიგნი
Source of classification or shelving scheme
ეგზემპლარები
ჩამოწერის სტატუსი დაკარგული ეგზემპლარის სტატუსი კლასიფიკაციის წყარო ან თაროზე გაწყობის სქემა დაზიანების სტატუსი არ გაიცემა მუდმივი მდებარეობა (დაცვის ადგილი) ამჟამინდელი ადგილსამყოფელი თაროზე განთავსების ადგილი შეძენის თარიღი სრული შენახვის შიფრი შტრიხკოდი ბოლო ოპერაციის თარიღი ეგზემპლარის მიმდევრობითი ნომერი (კეტერი?) ფასის ძალაში შესვლის თარიღი ეგზემპლარის სახეობა
          ტექნოლოგიური ფაკულტეტის ბიბლიოთეკა ტექნოლოგიური ფაკულტეტის ბიბლიოთეკა წიგნსაცავი 2018-12-17 537.1(072) ტ-50 9298 2018-12-17 9298 2018-12-17 წიგნი
          ტექნოლოგიური ფაკულტეტის ბიბლიოთეკა ტექნოლოგიური ფაკულტეტის ბიბლიოთეკა წიგნსაცავი 2018-12-17 537.1(072) ტ-50 9299 2018-12-17 9299 2018-12-17 წიგნი
          ტექნოლოგიური ფაკულტეტის ბიბლიოთეკა ტექნოლოგიური ფაკულტეტის ბიბლიოთეკა წიგნსაცავი 2018-12-17 537.1(072) ტ-50 9300 2018-12-17 9300 2018-12-17 წიგნი
          ტექნოლოგიური ფაკულტეტის ბიბლიოთეკა ტექნოლოგიური ფაკულტეტის ბიბლიოთეკა წიგნსაცავი 2018-12-17 537.1(072) ტ-50 9301 2018-12-17 9301 2018-12-17 წიგნი
          ტექნოლოგიური ფაკულტეტის ბიბლიოთეკა ტექნოლოგიური ფაკულტეტის ბიბლიოთეკა წიგნსაცავი 2018-12-17 537.1(072) ტ-50 9302 2018-12-17 9302 2018-12-17 წიგნი
          ტექნოლოგიური ფაკულტეტის ბიბლიოთეკა ტექნოლოგიური ფაკულტეტის ბიბლიოთეკა წიგნსაცავი 2018-12-17 537.1(072) ტ-50 9303 2018-12-17 9303 2018-12-17 წიგნი